LEADER 01419nas a2200265 i 4500 001 000000249582 003 CaOOAMICUS 005 20160613000000.0 008 160603b2016 it uu u0 0ita r 013 $a228487 040 $aSeMil$bita 245 10$aPiercamillo Davigo /$c[in collaborazione con Gherardo Colombo, Antonio Di Pietro ; in controversia con Giuliano Ferrara]. 260 $aRoma :$bGruppo Editoriale L'Espresso,$ccopyr. 2016. 300 $a111 p. ;$c17 cm. 500 $aFormulazioni di responsabilitą dalla copertina. - In copertina : Testi tratti da MicroMega 5/1993, MicroMega 1/2002, MicroMega 2/2006, MicroMega 5/2008. - Supplemento omaggio [Reprint 7] in occasione del trentesimo anniversario di MicroMega. 700 1 $aDavigo, Piercamillo <1950- >.$0(OLS)http://semarc/name/90431 700 1 $aFerrara, Giuliano,$d<1952- >.$0(OLS)http://semarc/name/17291 700 1 $aDi Pietro, Antonio <1950- >.$0(OLS)http://semarc/name/83268 700 1 $aColombo, Gherardo,$d<1946- >.$0(OLS)http://semarc/name/51625 774 0 $t[vedi periodico].$w()289085 850 $aSeMil 852 $aSeMil$W1$xVenegono$y1$m148 6 154/S1$j199928$B199928$CSeMilBibl$Z2$F211500 $85 961 $aAbbonamento: Somedia - Gruppo Editoriale l'Espresso 996 $6245$aPiercamillo Davigo$9(OLS)http://semarc/title/351811 996 $6260$aRoma :$bGruppo Editoriale L'Espresso$9(OLS)http://semarc/publisher/34574 LEADER 01123nam a2200289 i 4500 001 000000108982 003 CaOOAMICUS 005 20021021000000.0 008 021021s1997 it u000 u ita u 013 $a81662 020 $a88-7767-216-1 040 $aSeMil$bita 100 1 $aDoni, Rodolfo,$d<1919-2011>.$0(OLS)http://semarc/name/8258 245 10$aDialogo sull'Aldilą con il figlio Lorenzo /$cRodolfo Doni. 260 $aFirenze :$bGiunti,$ccopyr. 1997. 300 $a152 p. ;$c22 cm. 490 0 $aCamunia 500 $aIn preliminari : Dedica autografa dell'Autore. - Fondo Card. C.M. Martini. 650 4$aAldilą.$0(OLS)http://semarc/subject/8152 830 0$aCamunia.$0(OLS)http://semarc/title/10163 850 $aSeMil 852 $aSeMil$W1$xVenegono$y1$m1C VI 4$j65016$B65016$CSeMilBibl$Z2$F86848 $81 941 1 $a4 961 $aOmaggio: Martini Card. Carlo Maria 996 $6020$a88-7767-216-1$9(OLS)http://semarc/number/90145 996 $6245$aDialogo sull'Aldilą con il figlio Lorenzo$9(OLS)http://semarc/title/158129 996 $6260$aFirenze :$bGiunti$9(OLS)http://semarc/publisher/30127